000 01082nam a22001937a 4500
003 OSt
005 20251129164529.0
008 251129b |||||||| |||| 00| 0 eng d
040 _cDCL
082 _a၂၉၄.၃၈၂၂၃
130 _aတိပိဋက။
_pသုတ္တန္တပိဋက။
_pဒီဃနိကာယ။
_tမဟာဝဂ္ဂ၊
_lအဋ္ဌကထာ၊
_sနိဿယ။
245 _aမဟာဝဂ္ဂအဋ္ဌကထာနိဿယသစ်၊
_nဒုတိယတွဲ။
_cအသျှင်နန္ဒဝံသမဟာထေရ်။
264 _aရန်ကုန် ၊
_bဟံသာဝတီပုံနှိပ်တိုက်၊
_c၁၉၆၅။
300 _aဌ၊ ၅၀၆ စာမျက်နှာ ၊
_c၂၅ စင်တီ။
650 _aသုတ်မဟာဝါ
_vအဋ္ဌကထာနိဿယ။
650 _aမဟာဝဂ္ဂ
_vအဋ္ဌကထာနိဿယ။
700 _aနန္ဒဝံသမဟာထေရ်၊ အသျှင်
942 _2ddc
_cSHORT TERM
_n0
999 _c2650
_d2650